Les 10 joueurs les plus décisifs de la Liga 2014/15. - Statistiques

Statistiques générales
  • Ce quiz a été pris 177 fois
  • Le résultat moyen est 7 sur 10
Statistiques - réponses
G+A Joueurs Clubs % Correct
64 Cristiano Ronaldo Real
100%
61 Lionel Messi Barca
100%
25 Karim Benzema Real
99%
30 Luis Suarez Barca
99%
29 Neymar Barca
99%
22 Gareth Bale Real
96%
23 Antoine Griezmann Atletico
84%
26 James Rodriguez Real
35%
26 Nolito Celta
15%
25 Carlos Bacca Seville
8%
Aucun quiz correspondant
Distribution des résultats
% des personnes avec chaque résultat
Percentile par nombre de réponses
Votre historique - résultats
Vous n’avez pas pris ce quiz